Jar Adely Ostrolúckej

Bibliographic Details
Main Author: Zúbek, Ľudo, 1907-1969 (Author)
Other Authors: Hübel, František, 1934-1978 (Illustrator), Dônčová, Zlata, 1905-1985 (Author of afterword, colophon, etc.)
Format: Book
Language:Slovak
PhysicalDescription:254, [1] s. 8°
Published: Bratislava Mladé letá 1973
Edition:5. vyd.
Series:Klub mladých čitateľov : základné čítanie pre žiakov ZDŠ
Subjects:

MARC

LEADER 00000cam a2200000 a 4500
001 vtls008317175
003 SK-MaSNL
005 20260301141251.0
008 230501s1973 xo a gr 000 fdslo
015 |a SNBA1973/08-01953 
020 |q (viaz.) 
035 |a SK01SNK19730009392 
035 |a A861CD60-B508-4003-93EF-CC94D296D266 
035 |a urn:nbn:sk:snk-am00ihnu 
035 |a SKM000011855 
040 |a SNK  |b slo  |c SNK  |e AACR2 
041 0 |a slo 
044 |a xo  |c SK 
072 7 |a 821.162.4-3  |x Slovenská próza  |2 konspekt 
080 |a 821.162.4-31  |2 2011 
080 |a (0:82-312.6)  |2 2011 
100 1 |a Zúbek, Ľudo,  |d 1907-1969  |4 aut  |9 86505 
245 1 0 |a Jar Adely Ostrolúckej  |c Ľudo Zúbek ; ilustroval František Hübel 
250 |a 5. vyd. 
260 |a Bratislava  |b Mladé letá  |c 1973  |e Bratislava  |f Svornosť 
300 |a 254, [1] s.  |c 8° 
366 |e 35000 výtl. 
490 1 |a Klub mladých čitateľov : základné čítanie pre žiakov ZDŠ 
500 |a Ilustrovaný titulný dvojlist 
521 8 |a Pre čitateľov od 13 rokov 
600 1 7 |a Štúr, Ľudovít,  |d 1815-1856  |2 SNKMA  |9 92872 
600 1 7 |a Ostrolúcka, Adela,  |d 1824-1853  |2 SNKMA  |9 161336 
655 7 |a slovenské romány  |2 SNKPH  |9 70324 
655 7 |a biografické romány  |2 SNKPH  |9 1532 
655 7 |a Slovak fiction  |2 SNKPHeng  |9 277096 
655 7 |a Biographical novels  |2 SNKPHeng  |9 278552 
700 1 |a Hübel, František,  |d 1934-1978  |4 ill  |9 120570 
700 1 |a Dônčová, Zlata,  |d 1905-1985  |4 aft  |9 256313 
830 0 |a Klub mladých čitateľov : základné čítanie pre žiakov ZDŠ  |9 495067 
852 |a Slovenská národná knižnica 
954 |a beletria pôvodná (slovenská)  |2 lita 
958 |a TL 
958 |a RK 
958 |a LX 
958 |a BX 
999 |c 766596  |d 768526 
952 |a SNK  |b SNK  |y PREZ  |7 0  |p 17A0928505  |o snkSC 31418  |i snkKSP 4560/73  |0 0  |1 0  |4 0  |d 2016-01-08  |f 1  |l 0  |r 2025-09-26 00:00:00  |w 2026-02-24 
952 |a SNK  |b SNK  |y PREZ  |7 0  |p 17A1189142  |o snkSC 31418 D1  |i snkKSP 4561/73  |0 0  |1 0  |4 0  |d 2016-01-08  |l 0  |r 2026-02-24 00:21:58  |w 2026-02-24